[Event "4NCL Online Division 5"]
[Site "online"]
[Date "2020.05.26"]
[Round "8.121"]
[White "Robinson, Brian"]
[Black "Wu, Yuxuan"]
[Result "1/2-1/2"]
[WhiteElo "1750"]
[BlackElo "1480"]
[PlyCount "46"]
[EventDate "2020.05.26"]
[WhiteTeam "Bishop Trojans"]
[BlackTeam "Young Dragons"]

1. d4 Nf6 2. Nf3 g6 3. e3 Bg7 4. Bd3 d6 5. O-O O-O 6. c4 Nbd7 7. b3 c5 8. Bb2
Nh5 9. Qc2 f5 10. Re1 b6 11. Nbd2 Bb7 12. Rad1 e6 13. e4 Nf4 14. exf5 exf5 15.
Bf1 cxd4 16. Nxd4 Bxd4 17. Bxd4 Nh3+ 18. Kh1 Qh4 19. Nb1 Rfe8 20. Qd2 Nc5 21.
Nc3 Nf4 22. f3 Rxe1 23. Qxe1 Qxe1 1/2-1/2

[Event "4NCL Online Division 5"]
[Site "online"]
[Date "2020.05.26"]
[Round "8.122"]
[White "Davies, Milo"]
[Black "Smith, Peter J"]
[Result "0-1"]
[WhiteElo "1420"]
[BlackElo "1667"]
[PlyCount "130"]
[EventDate "2020.05.26"]
[WhiteTeam "Young Dragons"]
[BlackTeam "Bishop Trojans"]

1. e4 a6 2. d4 h6 3. Nf3 d6 4. Nc3 c6 5. Be2 Qc7 6. Be3 Nd7 7. O-O g5 8. Re1
Bg7 9. Qd2 Ngf6 10. Rad1 Ng4 11. h3 Nxe3 12. Qxe3 e5 13. dxe5 dxe5 14. Bc4 Nf6
15. Qd3 Nh5 16. Qd6 Qxd6 17. Rxd6 g4 18. hxg4 Bxg4 19. Nh4 Nf4 20. Nf5 Rg8 21.
Nxg7+ Rxg7 22. Rxh6 O-O-O 23. Rd1 Rdg8 24. Rdd6 Be6 25. Bf1 Nxg2 26. Bxg2 Rxg2+
27. Kf1 Kc7 28. Rd1 Bc4+ 29. Ke1 Rg1+ 30. Kd2 Rd8+ 31. Kc1 Rdxd1+ 32. Nxd1 Be2
33. Kd2 Bxd1 34. Rf6 Bh5 35. Rf5 Bg6 36. Rxe5 Kd6 37. Re8 Kd7 38. Re5 b6 39. f4
f6 40. Rf5 Bxf5 41. exf5 Kd6 42. Ke3 Kd5 43. Kd3 b5 44. Ke3 c5 45. Kd3 Rg3+ 46.
Ke2 Ke4 47. c3 Kxf4 48. Kf2 Rf3+ 49. Ke2 Ke4 50. Kd2 Rxf5 51. b3 Rf2+ 52. Ke1
Rxa2 53. c4 b4 54. Kf1 f5 55. Kg1 f4 56. Kf1 Kd3 57. Ke1 Kc3 58. Kd1 Kxb3 59.
Kc1 Rh2 60. Kd1 Kc3 61. Ke1 b3 62. Kf1 f3 63. Kg1 Rg2+ 64. Kf1 b2 65. Ke1 b1=Q#
0-1

[Event "4NCL Online Division 5"]
[Site "online"]
[Date "2020.05.26"]
[Round "8.123"]
[White "Bainbridge, Bryan J"]
[Black "Davies, Tom"]
[Result "1/2-1/2"]
[WhiteElo "1570"]
[BlackElo "1405"]
[PlyCount "97"]
[EventDate "2020.05.26"]
[WhiteTeam "Bishop Trojans"]
[BlackTeam "Young Dragons"]

1. e4 d5 2. Nc3 dxe4 3. Nxe4 Qd5 4. Nc3 Qa5 5. d3 Nf6 6. Bd2 Bg4 7. Be2 Bxe2 8.
Qxe2 Nc6 9. Ne4 Qf5 10. Nxf6+ gxf6 11. Bc3 Rg8 12. g3 O-O-O 13. O-O-O Bh6+ 14.
Kb1 e5 15. Qf3 Ne7 16. Qxf5+ Nxf5 17. Nf3 Nd4 18. Nxd4 exd4 19. Bd2 Bxd2 20.
Rxd2 Rge8 21. Kc1 Re7 22. Kd1 Rde8 23. f4 Re3 24. Rf2 f5 25. Rff1 Re2 26. Re1
Rxe1+ 27. Rxe1 Rxe1+ 28. Kxe1 Kd7 29. Kf2 Ke6 30. Kg2 h5 31. Kh3 Kf6 32. Kh4
Kg6 33. Kh3 f6 34. Kg2 c5 35. Kf3 b5 36. c3 b4 37. cxd4 cxd4 38. Kg2 a5 39. b3
Kh6 40. Kh3 Kg6 41. Kg2 Kh6 42. h4 Kg6 43. Kf2 Kf7 44. Ke2 Ke6 45. Kd2 Kd5 46.
Kc2 Kc5 47. Kb2 Kb5 48. a3 Kc5 49. a4 1/2-1/2

[Event "4NCL Online Division 5"]
[Site "online"]
[Date "2020.05.26"]
[Round "8.124"]
[White "Jaberansari, Benjamin"]
[Black "Berry, Robert"]
[Result "0-1"]
[WhiteElo "1330"]
[BlackElo "1562"]
[PlyCount "82"]
[EventDate "2020.05.26"]
[WhiteTeam "Young Dragons"]
[BlackTeam "Bishop Trojans"]

1. e4 e5 2. Nf3 d6 3. Nc3 Nf6 4. d4 exd4 5. Nxd4 Be7 6. Bg5 O-O 7. Bd3 h6 8.
Bh4 c5 9. Nf5 Bxf5 10. exf5 Nc6 11. O-O Qd7 12. Ne2 Ne5 13. Re1 c4 14. Bxf6
Bxf6 15. Be4 Rfd8 16. Qd5 Rab8 17. c3 b5 18. b4 a6 19. Nf4 Rbc8 20. Nh5 Qe7 21.
Rad1 Nc6 22. Rc1 Re8 23. a3 Ne5 24. h3 Nd7 25. Bf3 Be5 26. Bg4 Nf6 27. Nxf6+
Qxf6 28. Re3 Bf4 29. Rxe8+ Rxe8 30. Rc2 Qxc3 31. Qxf7+ Kxf7 32. Bh5+ Kf6 33. g4
Re1+ 34. Kg2 Qxc2 35. g5+ hxg5 36. a4 bxa4 37. b5 axb5 38. h4 gxh4 39. Bf7 Qe4+
40. Kh3 Qf3+ 41. Kxh4 Rh1# 0-1

[Event "4NCL Online Division 5"]
[Site "online"]
[Date "2020.05.26"]
[Round "8.131"]
[White "Kirkman, Nigel J"]
[Black "Tathare, Sandesh"]
[Result "0-1"]
[WhiteElo "1795"]
[BlackElo "1555"]
[PlyCount "78"]
[EventDate "2020.05.26"]
[WhiteTeam "East Cornwall Clowns"]
[BlackTeam "Watford 3"]

1. c4 c5 2. g3 Nc6 3. Bg2 Rb8 4. Nc3 Nf6 5. e4 g6 6. d3 Bg7 7. Nf3 O-O 8. O-O
b6 9. h3 a6 10. Be3 e6 11. Qd2 Qc7 12. Bf4 e5 13. Bh6 d6 14. Nd5 Nxd5 15. cxd5
Ne7 16. Rac1 f5 17. Nh4 Qd8 18. Bxg7 Kxg7 19. f4 exf4 20. gxf4 fxe4 21. dxe4
Nxd5 22. Qxd5 Qxh4 23. Qxd6 Bxh3 24. Qe5+ Kg8 25. Qd5+ Kg7 26. Qe5+ Kg8 27. Rc2
Bxg2 28. Rxg2 Rbe8 29. Qd5+ Kh8 30. Qc6 Qf6 31. Qb7 Qd4+ 32. Kh1 Rxe4 33. Rh2
h5 34. Qxb6 Rexf4 35. Rxh5+ gxh5 36. Qh6+ Kg8 37. Rg1+ Rg4 38. Qe6+ Kh7 39.
Qe7+ Qg7 0-1

[Event "4NCL Online Division 5"]
[Site "online"]
[Date "2020.05.26"]
[Round "8.132"]
[White "Vig, Sanjay"]
[Black "Henderson, Jason"]
[Result "1/2-1/2"]
[WhiteElo "1532"]
[BlackElo "1705"]
[PlyCount "77"]
[EventDate "2020.05.26"]
[WhiteTeam "Watford 3"]
[BlackTeam "East Cornwall Clowns"]

1. e4 e6 2. d4 d5 3. e5 c5 4. c3 Nc6 5. Nf3 Nge7 6. Bd3 Ng6 7. h4 cxd4 8. cxd4
Bb4+ 9. Kf1 Bd7 10. h5 Nge7 11. a3 Ba5 12. g4 Qc7 13. Be3 O-O-O 14. b4 Bb6 15.
Nbd2 a6 16. Rc1 Rdf8 17. Qa4 Kb8 18. Nb3 Qd8 19. b5 Na7 20. Nc5 Bxc5 21. dxc5
Bxb5 22. Bxb5 Nxb5 23. Nd4 Nxd4 24. Bxd4 Nc6 25. Rh3 f6 26. Rb3 Ka8 27. Rcb1
Rf7 28. Rb6 Qc8 29. exf6 gxf6 30. Bxf6 Rxf6 31. Rxb7 Qxb7 32. Rxb7 Kxb7 33.
Qb3+ Ka8 34. Qb6 e5 35. Qxa6+ Kb8 36. Qb6+ Ka8 37. Qa6+ Kb8 38. Qb6+ Ka8 39.
Qa6+ 1/2-1/2

[Event "4NCL Online Division 5"]
[Site "online"]
[Date "2020.05.26"]
[Round "8.133"]
[White "Young, Andy"]
[Black "Nokes, Oliver"]
[Result "1-0"]
[WhiteElo "1532"]
[BlackElo "1350"]
[PlyCount "79"]
[EventDate "2020.05.26"]
[WhiteTeam "East Cornwall Clowns"]
[BlackTeam "Watford 3"]

1. e4 e5 2. f4 exf4 3. Nf3 Nf6 4. Nc3 Bc5 5. d4 Bb6 6. Bc4 O-O 7. O-O d6 8.
Bxf4 Be6 9. Bd3 c5 10. Na4 c4 11. Be2 Nxe4 12. Nc3 d5 13. Kh1 Bg4 14. Ne5 Bxe2
15. Nxe2 f6 16. Nf3 g5 17. Be3 Nc6 18. Nd2 Bc7 19. Nxe4 dxe4 20. Nc3 Qd6 21.
Qh5 Nxd4 22. Rad1 Bb6 23. Nb5 Qd5 24. Nxd4 Bxd4 25. Bxd4 Rad8 26. c3 b6 27. h3
Qf7 28. Qg4 h5 29. Qxe4 Rfe8 30. Qf5 Re2 31. Rf2 Rde8 32. Rxe2 Rxe2 33. Rb1 Qb7
34. Qg6+ Kf8 35. Qxf6+ Ke8 36. Qh8+ Kd7 37. Qg7+ Kc8 38. Qxg5 Qc6 39. Qf5+ Kb7
40. Qf3 1-0

[Event "4NCL Online Division 5"]
[Site "online"]
[Date "2020.05.26"]
[Round "8.134"]
[White "Hylands, Keith"]
[Black "Reid, Mark"]
[Result "1-0"]
[WhiteElo "1382"]
[BlackElo "1420"]
[PlyCount "125"]
[EventDate "2020.05.26"]
[WhiteTeam "Watford 3"]
[BlackTeam "East Cornwall Clowns"]

1. e4 c5 2. Nf3 e6 3. d4 cxd4 4. Nxd4 a6 5. Nc3 Qc7 6. Bd3 Nf6 7. O-O Bc5 8.
Nf3 d6 9. Re1 O-O 10. Bg5 Nbd7 11. Ne2 b5 12. Ng3 Ng4 13. Re2 Qb6 14. Qd2 Nde5
15. Nxe5 Nxe5 16. Be3 Bb7 17. Rf1 Rac8 18. Kh1 Bxe3 19. Rxe3 Nc4 20. Bxc4 Rxc4
21. Rd1 d5 22. b3 Rc7 23. Re2 h6 24. Qd4 Qxd4 25. Rxd4 Rc3 26. f3 Rfc8 27. Rdd2
dxe4 28. Nxe4 Bxe4 29. fxe4 Kf8 30. Kg1 Ke7 31. Kf1 e5 32. Ke1 R8c5 33. Kd1 b4
34. Rf2 Ra5 35. Rd3 Rxa2 36. Rxc3 bxc3 37. Rf3 Ra1+ 38. Ke2 a5 39. Rxc3 a4 40.
bxa4 Rxa4 41. Ke3 Kd6 42. Rd3+ Ke7 43. Kf3 Rc4 44. c3 f6 45. Ke3 g6 46. Ke2 Rc6
47. Ke3 Rc4 48. g4 Rc6 49. Kf3 Rd6 50. Rxd6 Kxd6 51. Ke3 Kc5 52. Kd3 g5 53. Kc2
Kb5 54. Kb3 Kc5 55. h3 Kb5 56. c4+ Kc5 57. Kc3 Kd6 58. Kb4 Kc6 59. c5 Kc7 60.
Kb5 Kb7 61. c6+ Kc7 62. Kc5 Kc8 63. Kd6 1-0

[Event "4NCL Online Division 5"]
[Site "online"]
[Date "2020.05.26"]
[Round "8.141"]
[White "Simpson, Derek"]
[Black "Morris, William"]
[Result "1-0"]
[WhiteElo "1675"]
[BlackElo "1615"]
[PlyCount "53"]
[EventDate "2020.05.26"]
[WhiteTeam "Broken Herts 1"]
[BlackTeam "Warwickshire Bears C"]

1. d4 e6 2. Nf3 c5 3. e3 d5 4. b3 Nc6 5. Bb2 Nf6 6. Nbd2 cxd4 7. exd4 Bb4 8. a3
Bd6 9. Bd3 O-O 10. Ne5 Qc7 11. f4 a5 12. O-O b6 13. c4 Ba6 14. Rc1 Rfe8 15.
cxd5 Bxd3 16. Rxc6 Bxf1 17. Rxc7 Bxc7 18. dxe6 Bxe5 19. exf7+ Kxf7 20. dxe5
Bxg2 21. exf6 Bc6 22. Qh5+ Kg8 23. f7+ Kh8 24. fxe8=Q+ Rxe8 25. Qg5 Rg8 26. f5
h6 27. Qxh6# 1-0

[Event "4NCL Online Division 5"]
[Site "online"]
[Date "2020.05.26"]
[Round "8.142"]
[White "Pillay, Shriya"]
[Black "Hutton, Allan"]
[Result "1-0"]
[WhiteElo "1532"]
[BlackElo "1600"]
[PlyCount "105"]
[EventDate "2020.05.26"]
[WhiteTeam "Warwickshire Bears C"]
[BlackTeam "Broken Herts 1"]

1. d4 Nf6 2. c4 e6 3. Nc3 d5 4. cxd5 exd5 5. Bg5 c6 6. Nf3 Be7 7. e3 h6 8. Bh4
Bf5 9. Bd3 Bxd3 10. Qxd3 O-O 11. O-O Nbd7 12. a3 Re8 13. Bg3 Nf8 14. Ne5 Nh5
15. Qf5 Nf6 16. Ne2 N8d7 17. f3 Nxe5 18. dxe5 Qd7 19. Qd3 Nh5 20. Bf2 g6 21. g4
Ng7 22. h4 Bf8 23. Bg3 h5 24. e4 Rad8 25. exd5 Qxd5 26. Qxd5 Rxd5 27. Rad1 Red8
28. Nc3 Rxd1 29. Rxd1 Rxd1+ 30. Nxd1 hxg4 31. fxg4 Ne6 32. Bf2 Bc5 33. Ne3 Nf4
34. Nd1 Bxf2+ 35. Kxf2 Nd3+ 36. Ke3 Nxe5 37. Kf4 f6 38. Nf2 Kg7 39. b3 b6 40.
g5 Nd7 41. gxf6+ Kxf6 42. Ne4+ Kg7 43. Kg5 Ne5 44. Nd6 a5 45. a4 Nf3+ 46. Kg4
Nd2 47. Nc8 Nxb3 48. Nxb6 c5 49. Nc4 Nd2 50. Nxd2 Kf6 51. Kf4 Kg7 52. Kg5 Kf7
53. Nc4 1-0

[Event "4NCL Online Division 5"]
[Site "online"]
[Date "2020.05.26"]
[Round "8.143"]
[White "Kapur, Gul"]
[Black "Agrawal, Ansh"]
[Result "0-1"]
[WhiteElo "1510"]
[BlackElo "1472"]
[PlyCount "74"]
[EventDate "2020.05.26"]
[WhiteTeam "Broken Herts 1"]
[BlackTeam "Warwickshire Bears C"]

1. d4 d5 2. c4 c6 3. Nc3 Nf6 4. Bf4 Bf5 5. e3 e6 6. a3 Bd6 7. Bg3 O-O 8. c5 Bc7
9. Nf3 b6 10. b4 bxc5 11. dxc5 a5 12. Qa4 Qd7 13. Nd4 Bg6 14. Bxc7 Qxc7 15. h3
e5 16. Nf3 Nbd7 17. Qd1 axb4 18. axb4 Qb7 19. b5 e4 20. Nd4 cxb5 21. c6 Qc7 22.
Ncxb5 Rxa1 23. Qxa1 Qe5 24. Be2 Nc5 25. O-O Ne6 26. Qa7 Nxd4 27. Nxd4 Rc8 28.
Rc1 Ne8 29. Ba6 Rc7 30. Qb8 f6 31. Nb5 Rxc6 32. Rxc6 Qxb8 33. Rc8 Qb6 34. Nc7
Kf8 35. Bb5 Qb7 36. Bd7 Ke7 37. Be6 Nxc7 0-1

[Event "4NCL Online Division 5"]
[Site "online"]
[Date "2020.05.26"]
[Round "8.144"]
[White "Kukreja, Karan"]
[Black "Zsibrita, Steve"]
[Result "1-0"]
[WhiteElo "1405"]
[BlackElo "1495"]
[PlyCount "103"]
[EventDate "2020.05.26"]
[WhiteTeam "Warwickshire Bears C"]
[BlackTeam "Broken Herts 1"]

1. d4 d5 2. Bf4 e6 3. e3 Bd6 4. Bxd6 Qxd6 5. a3 Nf6 6. Nf3 O-O 7. Nbd2 a6 8. c4
Qe7 9. Be2 h6 10. O-O b6 11. b4 Nbd7 12. c5 b5 13. h3 c6 14. a4 Bb7 15. Qb3 e5
16. Nxe5 Nxe5 17. dxe5 Qxe5 18. Nf3 Qc7 19. axb5 axb5 20. Nd4 Rfe8 21. Bd3 g6
22. Nf3 Kg7 23. Qb2 Qe7 24. Rxa8 Rxa8 25. Ra1 Kh7 26. Rxa8 Bxa8 27. Qa1 Bb7 28.
Qa7 Ng8 29. Nd4 Qc7 30. Nb3 Ne7 31. Na5 Nc8 32. Qxb7 Qxb7 33. Nxb7 Ne7 34. Nd8
f5 35. g4 fxg4 36. hxg4 Kg7 37. Kg2 Kf6 38. Kf3 g5 39. Kg3 Kg7 40. f4 Kf8 41.
fxg5 hxg5 42. Ne6+ Kf7 43. Nxg5+ Kf6 44. Nf3 Ng8 45. e4 dxe4 46. Bxe4 Ne7 47.
Nd4 Ke5 48. Nxc6+ Kxe4 49. Nxe7 Kd4 50. g5 Kc4 51. Nc6 Kd5 52. Na7 1-0

[Event "4NCL Online Division 5"]
[Site "online"]
[Date "2020.05.26"]
[Round "8.151"]
[White "Brown, Geoffrey D"]
[Black "Arora, Tashika"]
[Result "0-1"]
[WhiteElo "1726"]
[BlackElo "1787"]
[PlyCount "86"]
[EventDate "2020.05.26"]
[WhiteTeam "Darnall & Handsworth"]
[BlackTeam "Oxford 4"]

1. b3 d5 2. e3 Nf6 3. Bb2 c5 4. d3 Nc6 5. Nd2 g6 6. Be2 Bg7 7. Ngf3 O-O 8. O-O
Bf5 9. Ne5 Qc7 10. f4 Rfd8 11. Ndf3 Ng4 12. Qc1 Ngxe5 13. fxe5 Nxe5 14. Nxe5
Bxe5 15. h3 Bg3 16. Rf3 Bd6 17. e4 dxe4 18. Rxf5 gxf5 19. Qg5+ Kf8 20. Qg7+ Ke8
21. dxe4 Qc6 22. e5 Bc7 23. Qxh7 Qg6 24. Bb5+ Kf8 25. Qh8+ Qg8 26. Qh4 Qg7 27.
Bc1 Kg8 28. Bf4 Bxe5 29. Rf1 Bf6 30. Qe1 Bd4+ 31. Kh1 a6 32. Bd3 e5 33. Bg3 e4
34. Be2 Be5 35. Bh4 Rd6 36. Rxf5 Kf8 37. Bc4 Bf6 38. Bf2 b6 39. Qxe4 Re8 40.
Qf4 Rd1+ 41. Kh2 Be5 42. Rxf7+ Qxf7 43. Bxf7 Bxf4+ 0-1

[Event "4NCL Online Division 5"]
[Site "online"]
[Date "2020.05.26"]
[Round "8.152"]
[White "Neatherway, A Philip"]
[Black "Brennan, Oliver"]
[Result "1/2-1/2"]
[WhiteElo "1798"]
[BlackElo "1712"]
[PlyCount "93"]
[EventDate "2020.05.26"]
[WhiteTeam "Oxford 4"]
[BlackTeam "Darnall & Handsworth"]

1. e4 e5 2. Nf3 Nc6 3. Nc3 Nf6 4. d4 exd4 5. Nxd4 Bb4 6. Nxc6 dxc6 7. Qxd8+
Kxd8 8. Bd3 h6 9. Bd2 Be6 10. a3 Be7 11. O-O-O Kc8 12. h3 b5 13. f4 b4 14. axb4
Bxb4 15. f5 Bd7 16. Ba6+ Kb8 17. Rhe1 Bc8 18. Bc4 Rf8 19. g4 a5 20. e5 Nd7 21.
e6 fxe6 22. fxe6 Nb6 23. e7 Re8 24. Bf7 Rxe7 25. Rxe7 Bxe7 26. Re1 Bf6 27. Ne4
Bh4 28. Rf1 Ba6 29. Rf5 Bb5 30. Bc3 Nc4 31. Bxc4 Bxc4 32. Rf8+ Kb7 33. Rxa8
Kxa8 34. Bxg7 Bd5 35. Nc3 Bg5+ 36. Kd1 Bf3+ 37. Ke1 h5 38. gxh5 Bxh5 39. Be5
Kb7 40. Ne4 Be3 41. Nf6 Bf3 42. Ng4 Bc1 43. Nf2 Bg5 44. Nd3 Bg2 45. Nf4 Bxf4
46. Bxf4 Bxh3 47. Kd2 1/2-1/2

[Event "4NCL Online Division 5"]
[Site "online"]
[Date "2020.05.26"]
[Round "8.154"]
[White "Bentham, Sam"]
[Black "Feather, Harry"]
[Result "0-1"]
[WhiteElo "1625"]
[BlackElo "1562"]
[PlyCount "64"]
[EventDate "2020.05.26"]
[WhiteTeam "Oxford 4"]
[BlackTeam "Darnall & Handsworth"]

1. c4 f5 2. Nc3 Nf6 3. d4 e6 4. Qc2 Bb4 5. e3 Ne4 6. Bd3 Bxc3+ 7. bxc3 d5 8.
Ba3 c5 9. cxd5 exd5 10. Ne2 c4 11. Bxe4 fxe4 12. O-O Nc6 13. f3 exf3 14. Rxf3
Qa5 15. Bd6 Bg4 16. Rf2 O-O-O 17. Bg3 Rhe8 18. Bf4 h6 19. h3 Bxe2 20. Rxe2 Re4
21. Rb1 g5 22. Bg3 Rde8 23. Qc1 Qd8 24. Qb2 Qd7 25. Bf2 g4 26. hxg4 Rxg4 27. e4
Rgxe4 28. Rxe4 Rxe4 29. Qb5 Rg4 30. Qc5 Qf5 31. Qb5 Rg7 32. Qc5 Qxb1+ 0-1

[Event "4NCL Online Division 5"]
[Site "online"]
[Date "2020.05.26"]
[Round "8.161"]
[White "Zhu, Hou Ning"]
[Black "Wicks, Ben"]
[Result "1-0"]
[WhiteElo "1810"]
[BlackElo "1442"]
[PlyCount "58"]
[EventDate "2020.05.26"]
[WhiteTeam "MCS Oxford Juniors"]
[BlackTeam "St Albans 4"]

1. c4 Nf6 2. g3 c6 3. Bg2 d5 4. Nf3 dxc4 5. O-O e6 6. Ne5 b5 7. Nxc6 Qb6 8. Ne5
Bb7 9. d3 Bxg2 10. Kxg2 Be7 11. dxc4 bxc4 12. Qc2 Qb7+ 13. f3 O-O 14. Qxc4 Rc8
15. Qa4 Rxc1 16. Rxc1 Qxb2 17. Nc3 Qd2 18. Nd3 Nbd7 19. Qf4 Qxf4 20. Nxf4 Bd6
21. Nd3 Ne5 22. Nxe5 Bxe5 23. Rab1 Rc8 24. Nb5 Ra8 25. Nxa7 h6 26. Rc8+ Rxc8
27. Nxc8 Nd5 28. f4 Nc3 29. Rb2 Nd5 1-0

[Event "4NCL Online Division 5"]
[Site "online"]
[Date "2020.05.26"]
[Round "8.162"]
[White "Cowan, James"]
[Black "Khan, Samir"]
[Result "0-1"]
[WhiteElo "1300"]
[BlackElo "1600"]
[PlyCount "62"]
[EventDate "2020.05.26"]
[WhiteTeam "St Albans 4"]
[BlackTeam "MCS Oxford Juniors"]

1. d4 b6 2. e4 Bb7 3. Nc3 e6 4. Bc4 Nf6 5. Bg5 Be7 6. Qe2 Nxe4 7. Nxe4 Bxg5 8.
Bd3 Be7 9. Nf3 O-O 10. O-O c5 11. c3 d5 12. Ned2 Nc6 13. Rfe1 c4 14. Bc2 b5 15.
a4 b4 16. Bb1 b3 17. Nf1 a5 18. Ne3 Qc7 19. h4 g6 20. h5 Rad8 21. hxg6 hxg6 22.
Nh2 Bd6 23. g3 Kg7 24. Nf3 Rh8 25. Nh4 Bxg3 26. fxg3 Qxg3+ 27. Neg2 Rxh4 28.
Qf2 Rh1+ 29. Kxh1 Qxf2 30. Nh4 Rh8 31. Re4 dxe4 0-1

[Event "4NCL Online Division 5"]
[Site "online"]
[Date "2020.05.26"]
[Round "8.163"]
[White "Li, Reya"]
[Black "Harris, Stuart"]
[Result "1-0"]
[WhiteElo "1450"]
[BlackElo "1300"]
[PlyCount "113"]
[EventDate "2020.05.26"]
[WhiteTeam "MCS Oxford Juniors"]
[BlackTeam "St Albans 4"]

1. e4 e5 2. Nf3 Nc6 3. Bc4 d6 4. d3 h6 5. c3 Be6 6. Bxe6 fxe6 7. d4 exd4 8.
cxd4 Qd7 9. Nc3 O-O-O 10. a4 g5 11. h3 e5 12. d5 Na5 13. b4 Nc4 14. a5 a6 15.
Qb3 b5 16. axb6 Nxb6 17. Rxa6 Kb7 18. b5 Ra8 19. Qa2 Nf6 20. Rxa8 Nxa8 21. Be3
Nb6 22. Qa6+ Kb8 23. Bxb6 cxb6 24. Qxb6+ Qb7 25. Qd8+ Qc8 26. Qxc8+ Kxc8 27.
O-O Nd7 28. Na4 Kc7 29. Rb1 Nb6 30. Nxb6 Kxb6 31. Nd2 Be7 32. Nc4+ Kc5 33. Na3
Ra8 34. Rb3 Bd8 35. f3 Kb6 36. Kf2 Rc8 37. Ke3 Rc1 38. Kd3 Rd1+ 39. Ke2 Rg1 40.
Kf2 Ra1 41. Ke3 Re1+ 42. Kf2 Ra1 43. Kg3 Ra2 44. Nc4+ Kc5 45. Ne3 Ra5 46. b6
Bxb6 47. Rxb6 Kxb6 48. Nc4+ Kb5 49. Nxa5 Kxa5 50. Kg4 Kb6 51. Kh5 Kc7 52. Kxh6
Kd7 53. Kxg5 Ke7 54. h4 Kf7 55. g4 Kg7 56. h5 Kh7 57. Kf6 1-0

[Event "4NCL Online Division 5"]
[Site "online"]
[Date "2020.05.26"]
[Round "8.164"]
[White "Rose, Samuel"]
[Black "Masacorale, Jamie"]
[Result "1-0"]
[WhiteElo "1075"]
[BlackElo "1322"]
[PlyCount "71"]
[EventDate "2020.05.26"]
[WhiteTeam "St Albans 4"]
[BlackTeam "MCS Oxford Juniors"]

1. e4 c5 2. Nf3 Nc6 3. Bc4 e6 4. O-O a6 5. a3 b5 6. Ba2 Nf6 7. Re1 d6 8. d3 Be7
9. h3 Bd7 10. Nc3 O-O 11. b3 Qc8 12. Bb2 Nh5 13. Bc1 f5 14. Ne5 Nxe5 15. Qxh5
fxe4 16. Nxe4 Rf5 17. Qe2 d5 18. Bb2 Nf3+ 19. gxf3 dxe4 20. Qxe4 Rg5+ 21. Kf1
e5 22. b4+ Kh8 23. Bxe5 Bxh3+ 24. Ke2 cxb4 25. axb4 Qxc2+ 26. Ke3 Bc5+ 27. bxc5
Qxc5+ 28. Bd4 Qf8 29. Rh1 Re8 30. Rxh3 Rxe4+ 31. fxe4 Rg4 32. Rf3 Qd6 33. Bc5
Qh6+ 34. Ke2 Rf4 35. Be3 g5 36. Bd4+ 1-0

[Event "4NCL Online Division 5"]
[Site "online"]
[Date "2020.05.26"]
[Round "8.171"]
[White "Ball, Matthew P"]
[Black "Will, Douglas"]
[Result "1-0"]
[WhiteElo "1750"]
[BlackElo "1828"]
[PlyCount "29"]
[EventDate "2020.05.26"]
[WhiteTeam "Doughnuts of Doom"]
[BlackTeam "Grangemouth Giants"]

1. d4 Nf6 2. Bf4 g6 3. Nc3 d6 4. e4 c6 5. Qd2 a6 6. O-O-O b5 7. e5 dxe5 8. dxe5
Qxd2+ 9. Rxd2 Nh5 10. Be3 Be6 11. Be2 Ng7 12. f4 h5 13. Bf3 Nf5 14. Bb6 Bh6 15.
Rd8# 1-0

[Event "4NCL Online Division 5"]
[Site "online"]
[Date "2020.05.26"]
[Round "8.172"]
[White "Sandham, Alasdair"]
[Black "Smith, David W"]
[Result "1-0"]
[WhiteElo "1361"]
[BlackElo "1727"]
[PlyCount "74"]
[EventDate "2020.05.26"]
[WhiteTeam "Grangemouth Giants"]
[BlackTeam "Doughnuts of Doom"]

1. d4 Nf6 2. Nf3 g6 3. Nc3 d5 4. Bf4 c6 5. Qd2 Qb6 6. O-O-O Bf5 7. g3 Nbd7 8.
Bg2 Ne4 9. Nxe4 Bxe4 10. Rhg1 h6 11. Ne5 Bxg2 12. Rxg2 Nxe5 13. Bxe5 f6 14. Bf4
g5 15. Be3 O-O-O 16. f4 Bg7 17. fxg5 hxg5 18. h4 g4 19. Rf2 e5 20. dxe5 Qa6 21.
Kb1 fxe5 22. Rf7 Bf8 23. Rdf1 Bd6 24. Bg5 Rde8 25. e4 d4 26. Qf2 Qb6 27. Qf5+
Kb8 28. Bf6 Ref8 29. Bxe5 Rxf7 30. Bxd6+ Ka8 31. Qxf7 a6 32. Qg7 Rc8 33. Rf8
Rd8 34. Bc7 Qb4 35. Rxd8+ Ka7 36. Qxd4+ Qxd4 37. Rxd4 c5 1-0

[Event "4NCL Online Division 5"]
[Site "online"]
[Date "2020.05.26"]
[Round "8.173"]
[White "Ball, Katie C"]
[Black "Fowler, David A"]
[Result "1/2-1/2"]
[WhiteElo "1532"]
[BlackElo "1161"]
[PlyCount "43"]
[EventDate "2020.05.26"]
[WhiteTeam "Doughnuts of Doom"]
[BlackTeam "Grangemouth Giants"]

1. d4 d6 2. Bf4 Nf6 3. Nc3 g6 4. e4 Bg7 5. Qd2 h6 6. h4 a6 7. O-O-O Nc6 8. Nf3
Bg4 9. Qe3 Qd7 10. Bc4 Nh5 11. e5 Nxf4 12. Qxf4 Qf5 13. Qxf5 Bxf5 14. Rhe1 Nb4
15. Rd2 h5 16. Rde2 O-O 17. exd6 exd6 18. a3 Nc6 19. d5 Ne5 20. Nxe5 Bxe5 21.
g3 Bg4 22. Re3 1/2-1/2

[Event "4NCL Online Division 5"]
[Site "online"]
[Date "2020.05.26"]
[Round "8.174"]
[White "Whitton, Nicholas"]
[Black "Ball, Charlie"]
[Result "0-1"]
[WhiteElo "1032"]
[BlackElo "1555"]
[PlyCount "32"]
[EventDate "2020.05.26"]
[WhiteTeam "Grangemouth Giants"]
[BlackTeam "Doughnuts of Doom"]

1. e4 d6 2. d4 Nf6 3. Nc3 Nbd7 4. Bf4 e5 5. dxe5 dxe5 6. Bg5 h6 7. Bxf6 Qxf6 8.
Qf3 Bd6 9. Nd5 Qd8 10. O-O-O c6 11. Ne3 Nf6 12. Bc4 O-O 13. Nf5 Bxf5 14. exf5
e4 15. Qh3 Bf4+ 16. Kb1 Qxd1# 0-1

[Event "4NCL Online Division 5"]
[Site "online"]
[Date "2020.05.26"]
[Round "8.181"]
[White "Lingard, Geoffrey W"]
[Black "Walker, Kate"]
[Result "1-0"]
[WhiteElo "1765"]
[BlackElo "1705"]
[PlyCount "61"]
[EventDate "2020.05.26"]
[WhiteTeam "Bude Surfers"]
[BlackTeam "Shropshire 4"]

1. e4 c6 2. d4 d5 3. exd5 cxd5 4. c4 e6 5. Nf3 Nf6 6. Nc3 Be7 7. Bf4 a6 8. c5
Nc6 9. a3 Ne4 10. Nxe4 dxe4 11. Nd2 Qxd4 12. Be3 Qxb2 13. Nxe4 O-O 14. Be2 Qe5
15. Qb1 Nd4 16. Bd3 Bxc5 17. Nxc5 Qxc5 18. Bxh7+ Kh8 19. O-O Qe5 20. Qd3 Rd8
21. Bxd4 Rxd4 22. Qh3 Qf6 23. Be4+ Qh6 24. Qf3 Rd7 25. Rfd1 Qf6 26. Rxd7 Qxa1+
27. Rd1 Qf6 28. Qh5+ Kg8 29. Qh7+ Kf8 30. Qh8+ Ke7 31. Qd8# 1-0

[Event "4NCL Online Division 5"]
[Site "online"]
[Date "2020.05.26"]
[Round "8.182"]
[White "Hilditch-Love, Daniel"]
[Black "Constable, Christine F"]
[Result "1-0"]
[WhiteElo "1585"]
[BlackElo "1577"]
[PlyCount "91"]
[EventDate "2020.05.26"]
[WhiteTeam "Shropshire 4"]
[BlackTeam "Bude Surfers"]

1. Nf3 Nf6 2. g3 g6 3. Bg2 Bg7 4. O-O O-O 5. d4 d6 6. b3 Nc6 7. Bb2 e5 8. d5
Ne7 9. c4 c6 10. dxc6 bxc6 11. Nc3 Rb8 12. e4 Bg4 13. h3 Be6 14. Qd3 Qd7 15.
Rad1 Rfd8 16. Kh2 Nh5 17. Ne1 f5 18. Ba3 c5 19. f3 f4 20. g4 Ng3 21. Rg1 Nc6
22. Ne2 Nxe2 23. Qxe2 Nd4 24. Qf2 Qe7 25. Bb2 Bf6 26. Bxd4 Bh4 27. Qe2 cxd4 28.
Nd3 Bg3+ 29. Kh1 Bd7 30. Rb1 a6 31. b4 Rdc8 32. c5 Bb5 33. a4 Bxa4 34. Qa2+ Qf7
35. Qxa4 Qc4 36. Bf1 Qc3 37. Qa2+ Kg7 38. Be2 dxc5 39. Rgc1 cxb4 40. Rxc3 bxc3
41. Rxb8 Rxb8 42. Nxe5 Rb2 43. Qf7+ Kh6 44. Qf8+ Kg5 45. Nf7+ Kh4 46. Qh6# 1-0

[Event "4NCL Online Division 5"]
[Site "online"]
[Date "2020.05.26"]
[Round "8.183"]
[White "Constable, John"]
[Black "Jones, Andrew"]
[Result "1-0"]
[WhiteElo "1562"]
[BlackElo "1502"]
[PlyCount "93"]
[EventDate "2020.05.26"]
[WhiteTeam "Bude Surfers"]
[BlackTeam "Shropshire 4"]

1. Nf3 c5 2. c4 Nc6 3. g3 e6 4. Bg2 Nf6 5. Nc3 d5 6. cxd5 exd5 7. d4 Bf5 8. Bg5
Be7 9. dxc5 d4 10. Bxf6 Bxf6 11. Na4 Qa5+ 12. Nd2 O-O 13. O-O Be7 14. Bxc6 bxc6
15. Nc4 Qb5 16. b3 Bxc5 17. Nxc5 Qxc5 18. Rc1 Qd5 19. Qd2 Bh3 20. f3 Bxf1 21.
Kxf1 Rad8 22. Qf4 Rfe8 23. Rd1 c5 24. Rd3 Qe6 25. Rd2 Qh3+ 26. Kg1 Re6 27. Qc7
Rde8 28. Nd6 R6e7 29. Qxc5 Qe6 30. Nxe8 Qe3+ 31. Kf1 Rxe8 32. Qxd4 Qe6 33. Qxa7
Qh3+ 34. Kg1 Qe6 35. Qd4 Qc6 36. Kf2 Qa6 37. a4 h6 38. Qd7 Rf8 39. b4 Qc4 40.
Qd4 Qc8 41. b5 Qh3 42. Kg1 Qf5 43. Kg2 h5 44. b6 Qa5 45. b7 Rb8 46. Qd7 Qb6 47.
Qc8+ 1-0